Najbardziej wartościowi piłkarze Euro 2020 - Statystyki

Ogólne statystyki
  • Ten quiz został rozwiązany 770 razy
  • Średni wynik to 14 z 24
Statystyki odpowiedzi
Wartość Piłkarz Reprezentacja, pozycja % Poprawnych
160 mln € Kylian Mbappé Francja, napastnik
98%
120 mln € Harry Kane Anglia, napastnik
94%
100 mln € Kevin De Bruyne / Romelu Lukaku Belgia, ofensywny pomocnik / napastnik
90%
60 mln € Robert Lewandowski Polska, napatnik
90%
90 mln € Joshua Kimmich Niemcy, defensywny pomocnik
77%
90 mln € Frenkie de Jong Holandia, środkowy pomocnik
75%
90 mln € Bruno Fernandes Portugalia, ofensywny pomocnik
73%
55 mln € David Alaba Austria, środkowy obrońca
73%
65 mln € Andrew Robertson Szkocja, lewy obrońca
70%
18 mln € Gareth Bale / Daniel James Walia, prawy skrzydłowy / lewy skrzydłowy
70%
40 mln € Christian Eriksen Dania, ofensywny pomocnik
67%
60 mln € Milan Škriniar Słowacja, środkowy obrońca
58%
40 mln € Alexander Isak / Dejan Kulusevski Szwecja, napastnik / prawy skrzydłowy
57%
7 mln € Teemu Pukki Finlandia, napastnik
52%
40 mln € Tomáš Souček Czechy, defensywny pomocnik
47%
45 mln € Mateo Kovačić Chorwacja, środkowy pomocnik
46%
65 mln € Nicolò Barella Włochy, środkowy pomocnik
45%
16 mln € Willi Orbán Węgry, środkowy obrońca
42%
30 mln € Manuel Akanji / Denis Zakaria Szwajcaria, środkowy obrońca / defensywny pomocnik
41%
45 mln € Caglar Söyüncü Turcja, środkowy obrońca
28%
28 mln € Aleksandr Golovin Rosja, ofensywny pomocnik
27%
17 mln € Elif Elmas Macedonia Północna, ofensywny pomocnik
25%
30 mln € Ruslan Malinovskyi Ukraina, ofensywny pomocnik
24%
80 mln € Marcos Llorente Hiszpania, środkowy pomocnik
23%
Nie znaleziono quizów pasujących do podanych kryteriów
Rozkład punktacji
Procent ludzi z każdym wynikiem
Percentyl według liczby udzielonych odpowiedzi
Twoja historia wyników
Nie rozwiązałeś tego quizu